| 000 | 00901cam a2200313 4500 | ||
|---|---|---|---|
| 001 | 3782 | ||
| 003 | BD-RjUL | ||
| 005 | 20211208233801.0 | ||
| 008 | 160625s1969 enka b 001 0 eng | ||
| 020 | _a0043301428 | ||
| 035 | _a(BD-RjUL) | ||
| 040 |
_aDLC _cDLC _dDLC _beng |
||
| 041 | _aeng | ||
| 082 | 0 | 0 |
_a332.401 _bJOE 1969 |
| 100 | 1 |
_aJohnson, Harry G. _q(Harry Gordon), _d1923-1977. _95795 |
|
| 245 | 1 | 0 |
_aEssays in monetary economics / _c[by] Harry G. Johnson. |
| 250 | _a2nd ed. | ||
| 260 |
_aLondon : _bAllen & Unwin, _c1969. |
||
| 300 |
_axvi, 332 p. : _bill. ; _c22 cm. |
||
| 350 | _a£1.25 | ||
| 490 | 0 |
_aUnwin university books, _v52 |
|
| 500 | _a"Second impression 1970." | ||
| 504 | _aIncludes bibliographical references. | ||
| 650 | 0 |
_aMoney. _912025 |
|
| 650 | 0 |
_aMonetary policy. _912026 |
|
| 650 | 0 |
_aFiscal policy. _912027 |
|
| 942 |
_2ddc _cBK |
||
| 999 |
_c3782 _d3782 |
||